000 00664nam a2200217 a 4500
001 BRCA_3592
005 20190320204339.0
008 070809s1962----gw-a---###---#000-0#ger-#
041 _ager
044 _agw
050 4 _aNK2240
_b.S36 1962
100 1 _aSchmidt, Robert
_97211
245 1 0 _aMöbel
_bEin Handbuch für Sammler und Liebhaber
_cvon Robert Schmidt.
260 _aBraunschweig, Alemania
_bKlinkhardt & Biermann
_c1962
300 _a306 p.
_bil., 11 láminas (algunas a color)
_c25 cm.
440 0 _aBibliothek fur Kunst-und Antiquitatenfreunde
_v5
_99328
500 _aB262
650 1 4 _aMuebles
_vCatálogos
_99329
902 _aGFM
942 _2lcc
_cB
999 _c3327
_d3327